| 000 -LEADER |
| fixed length control field |
01563cam a2200373 a 4500 |
| 001 - CONTROL NUMBER |
| control field |
14619166 |
| 005 - DATE AND TIME OF LATEST TRANSACTION |
| control field |
20161121115708.0 |
| 008 - FIXED-LENGTH DATA ELEMENTS--GENERAL INFORMATION |
| fixed length control field |
061101s2008 vtua b 001 0 eng d |
| 010 ## - LIBRARY OF CONGRESS CONTROL NUMBER |
| LC control number |
2006937800 |
| 020 ## - INTERNATIONAL STANDARD BOOK NUMBER |
| International Standard Book Number |
9780804838641 |
| 020 ## - INTERNATIONAL STANDARD BOOK NUMBER |
| International Standard Book Number |
080483864X |
| 035 ## - SYSTEM CONTROL NUMBER |
| System control number |
(OCoLC)ocn154701519 |
| 040 ## - CATALOGING SOURCE |
| Original cataloging agency |
BTCTA |
| Transcribing agency |
BTCTA |
| Modifying agency |
BAKER |
| -- |
YDXCP |
| -- |
ZQP |
| -- |
CPL |
| -- |
VP@ |
| -- |
CUY |
| -- |
OQP |
| -- |
SINLB |
| -- |
NLGGC |
| -- |
DLC |
| 042 ## - AUTHENTICATION CODE |
| Authentication code |
lccopycat |
| 043 ## - GEOGRAPHIC AREA CODE |
| Geographic area code |
a-cc--- |
| 050 00 - LIBRARY OF CONGRESS CALL NUMBER |
| Classification number |
N7740 |
| Item number |
.W385 2008 |
| 082 04 - DEWEY DECIMAL CLASSIFICATION NUMBER |
| Classification number |
709.51 |
| Edition number |
22 |
| 084 ## - OTHER CLASSIFICATION NUMBER |
| Classification number |
20.42 |
| Number source |
bcl |
| 084 ## - OTHER CLASSIFICATION NUMBER |
| Classification number |
20.21 |
| Number source |
bcl |
| 100 1# - MAIN ENTRY--PERSONAL NAME |
| Personal name |
Welch, Patricia Bjaaland, |
| Dates associated with a name |
1953- |
| 245 10 - TITLE STATEMENT |
| Title |
Chinese art : |
| Remainder of title |
a guide to motifs and visual imagery / |
| Statement of responsibility, etc. |
Patricia Bjaaland Welch. |
| 250 ## - EDITION STATEMENT |
| Edition statement |
1st ed. |
| 260 ## - PUBLICATION, DISTRIBUTION, ETC. (IMPRINT) |
| Place of publication, distribution, etc. |
North Clarendon, VT : |
| Name of publisher, distributor, etc. |
Tuttle Pub., |
| Date of publication, distribution, etc. |
c2008. |
| 300 ## - PHYSICAL DESCRIPTION |
| Extent |
288 p. : |
| Other physical details |
col. ill. ; |
| Dimensions |
29 cm. |
| 504 ## - BIBLIOGRAPHY, ETC. NOTE |
| Bibliography, etc |
Includes bibliographical references (p. 266-269) and index. |
| 650 #0 - SUBJECT ADDED ENTRY--TOPICAL TERM |
| Topical term or geographic name as entry element |
Symbolism in art |
| Geographic subdivision |
China. |
| 650 #0 - SUBJECT ADDED ENTRY--TOPICAL TERM |
| Topical term or geographic name as entry element |
Decoration and ornament |
| Geographic subdivision |
China. |
| 856 42 - ELECTRONIC LOCATION AND ACCESS |
| Materials specified |
Contributor biographical information |
| Uniform Resource Identifier |
<a href="http://www.loc.gov/catdir/enhancements/fy0913/2006937800-b.html">http://www.loc.gov/catdir/enhancements/fy0913/2006937800-b.html</a> |
| 856 42 - ELECTRONIC LOCATION AND ACCESS |
| Materials specified |
Publisher description |
| Uniform Resource Identifier |
<a href="http://www.loc.gov/catdir/enhancements/fy0913/2006937800-d.html">http://www.loc.gov/catdir/enhancements/fy0913/2006937800-d.html</a> |
| 856 41 - ELECTRONIC LOCATION AND ACCESS |
| Materials specified |
Table of contents only |
| Uniform Resource Identifier |
<a href="http://www.loc.gov/catdir/enhancements/fy1012/2006937800-t.html">http://www.loc.gov/catdir/enhancements/fy1012/2006937800-t.html</a> |
| 906 ## - LOCAL DATA ELEMENT F, LDF (RLIN) |
| a |
7 |
| b |
cbc |
| c |
copycat |
| d |
2 |
| e |
epcn |
| f |
20 |
| g |
y-gencatlg |
| 942 ## - ADDED ENTRY ELEMENTS (KOHA) |
| Source of classification or shelving scheme |
|
| Koha item type |
Hard Covered Materials |
| Classification part |
N7740 .W385 2008 |